000 00328nam a22001337a 4500
020 _a978-93-5138-280-5
082 _a425
_bVAS/E
100 _aRAGHU NATH SAHAI VASHISHTA
245 _aGOLDEN ENGLISH CORE
_bCLASS XII
260 _aDELHI
_bLAXMI PUBLICATIONS
300 _a633
650 _aENGLISH FOR CLASS XII
_zINDIA
942 _cBK
999 _c592
_d592